01309nam a22003377a 4500001000700000003000900007005001700016007000700033008004800040020001500088040002200103041001300125082001500138100001900153240005000172245017500222260003600397300003100433490005200464500005700516650004000573700001900613700003900632700002900671830005400700942001200754945002700766952012100793956004000914999001700954000612DO-SdBNP20180131150213.0000612161027b 1985 sp a ||||| |||| 00| 0 spa d a8427249403 aBPMSUbspacBPMSU17aspaheng axxxxbxxxx1 aBrandel, Marc.10aThe mystery of the rogues reunion.lEspañol10aMisterio del concurso de T. V. /cMarc Brandel, basado en los personajes creados por Robert Arthur ; traducción de C. Peraire del Molino ; ilustraciones de R. Escolano. aBarcelona : bMolino, c[1985]. a150 p. : bil. ; c21 cm. 1 aAlfred Hitchcock y los tres investigadores v40 aTraducción de: The mystery of the rogues' reunion. aCuentos infantiles estadounidenses.1 aArthur, Robert1 aPeraire del Molino, Conchita,etr.12aEscolano, Ramón,eil.  0aAlfred Hitchcock y los tres investigadores ; v40 2ddccBK aInventariado, 2018/ YL 00102ddc40708CJ-GaBPMETbBPMETd2016-10-27eDonaciónl0oxxxx xxxxpBPMSU16100411r2016-10-27w2016-10-27yBK 2LOPEREZ3106201610278BPMSUa00041 c11707d11707